000 00654nam a2200253 i 4500
001 C2-0037031
003 PPAK
005 20190630222051.0
008 970220s1992 enka|||| ||||| | eng d
020 _a1856272362
040 _aPPAK
_beng
_cPPAK
_erda
082 0 4 _a796.982
_223
090 0 0 _a796.982
_bJAC
_dR
100 1 _aJackson, Paul,
_eauthor
245 1 0 _aMake it with paper
264 1 _aLondon :
_bGrange Books ,
_c1992
300 _a175 pages :
_billustrations ;
_c28 cm
336 _2rdacontent
_atext
337 _2rdamedia
_aunmediated
338 _2rdacarrier
_avolume
650 1 0 _aPaper work
700 _eauthor
942 _ddc
_cB
999 _c6524
_d6524